000 00958nam a2200265Ia 4500
001 Para_3964
003 CHAP
008 220125s1927 xx 000 0 und d
010 _a202228
040 _cCHAP
090 _aPA FOLLETO 1359
100 _aBrody, Samuel
_915497
245 _aGrowth and development :
_b with special reference to domestic animals. X. The relation between the course of growth and the course of senescence with special reference to age changes in milk secretion /
_c Samuel Brody
260 _aColumbia, Missouri :
_b Agricultural Experiment Station
300 _a64 p.
440 _aMissouri Agri. Exp. Sta. Research Bull; 105
_9167322
650 _aAnimales domésticos
_x Crecimiento Ganado lechero
_x Producción
_9167323
901 _aPA FOLLETO 1359
902 _aA
905 _a0000001927 ck 0000000000 00
910 _a1927
942 _cPARA
942 _cPARA
_d1
999 _c202228
_d202228